<?xml version="1.0" encoding="UTF-8"?><marc:collection xmlns:marc="http://www.loc.gov/MARC21/slim">
  <marc:record>
    <marc:leader>00000nam##2200000za#4500</marc:leader>
    <marc:controlfield tag="001">9.695911</marc:controlfield>
    <marc:controlfield tag="003">CaOODSP</marc:controlfield>
    <marc:controlfield tag="005">20211126112849</marc:controlfield>
    <marc:controlfield tag="007">cr |||||||||||</marc:controlfield>
    <marc:controlfield tag="008">150407|1999||||xxc|||||o    f|0| 0 eng|d</marc:controlfield>
    <marc:datafield tag="040" ind1=" " ind2=" ">
      <marc:subfield code="a">CaOODSP</marc:subfield>
      <marc:subfield code="b">eng</marc:subfield>
    </marc:datafield>
    <marc:datafield tag="043" ind1=" " ind2=" ">
      <marc:subfield code="a">n-cn---</marc:subfield>
    </marc:datafield>
    <marc:datafield tag="086" ind1="1" ind2=" ">
      <marc:subfield code="a">FB2-15/1999E-PDF</marc:subfield>
    </marc:datafield>
    <marc:datafield tag="110" ind1="2" ind2=" ">
      <marc:subfield code="a">Bank of Canada.</marc:subfield>
    </marc:datafield>
    <marc:datafield tag="245" ind1="1" ind2="0">
      <marc:subfield code="a">[Money, monetary policy and transmission mechanisms] : </marc:subfield>
      <marc:subfield code="h">[electronic resource]</marc:subfield>
      <marc:subfield code="b">[proceedings of a conference held by the Bank of Canada, November 1999] </marc:subfield>
    </marc:datafield>
    <marc:datafield tag="246" ind1="3" ind2=" ">
      <marc:subfield code="a">Measuring transactions money in a world of financial innovation ; Broad Money : a guide for monetary policy ; Monetary aggregates and monetary policy ; The M1 vector-error-correction model : some extensions and applications ; Swiss monetary policy under a flexible exchange rate regime : monetary targets in practice ; Measuring the stance of monetary policy ; Financial intermediation, beliefs and the transmission mechanism ; Credit crunch, bank lending, and monetary policy : a model of financial intermediation with heterogenous projects ; The expectations trap hypothsis ; Discussion ; Participants</marc:subfield>
    </marc:datafield>
    <marc:datafield tag="260" ind1=" " ind2=" ">
      <marc:subfield code="b">Bank of Canada </marc:subfield>
      <marc:subfield code="c">[November 1999].</marc:subfield>
    </marc:datafield>
    <marc:datafield tag="300" ind1=" " ind2=" ">
      <marc:subfield code="a">48, 52, 46, 42, 40, 48, 40, 27, 58, 24, 6p.</marc:subfield>
      <marc:subfield code="b">graphs, references, tables</marc:subfield>
    </marc:datafield>
    <marc:datafield tag="500" ind1=" " ind2=" ">
      <marc:subfield code="a">Contents: Measuring transactions money in a world of financial innovation / Jean-Pierre Aubry and Loretta Nott ; Broad Money : a guide for monetary policy ; Monetary aggregates and monetary policy / Kim McPhail ; The M1 vector-error-correction model : some extensions and applications / Charleen Adam and Scott Hendry ; Swiss monetary policy under a flexible exchange rate regime : monetary targets in practice / Michel Peytrignet ; Measuring the stance of monetary policy / Ben S.C. Fung and Mingwei Yuan ; Financial intermediation, beliefs and the transmission mechanism / Robert Amano, Scott Hendry, and Guang-Jia Zhang ; Credit crunch, bank lending, and monetary policy : a model of financial intermediation with heterogenous projects / Mingwei Yuan and Christian Zimmermann ; The expectations trap hypothsis / Lawrence J. Christiano and Christopher Gust ; Discussion 1 / Charles Freedman ; Discussion 2 / Marvin Goodfriend ; Discussion 3 / David Laidler ; Participants</marc:subfield>
    </marc:datafield>
    <marc:datafield tag="590" ind1=" " ind2=" ">
      <marc:subfield code="a">12-17-Supp</marc:subfield>
      <marc:subfield code="b">2012-04-20</marc:subfield>
    </marc:datafield>
    <marc:datafield tag="690" ind1="0" ind2="7">
      <marc:subfield code="a">Monetary policy</marc:subfield>
      <marc:subfield code="2">gcpds</marc:subfield>
    </marc:datafield>
    <marc:datafield tag="775" ind1="0" ind2="8">
      <marc:subfield code="t">[La monnaie, la politique monétaire et les mécanismes de transmission] : </marc:subfield>
      <marc:subfield code="w">(CaOODSP)9.640031</marc:subfield>
    </marc:datafield>
    <marc:datafield tag="856" ind1="4" ind2="0">
      <marc:subfield code="a">http://publications.gc.ca</marc:subfield>
      <marc:subfield code="q">PDF</marc:subfield>
      <marc:subfield code="s">241 KB</marc:subfield>
      <marc:subfield code="u">https://publications.gc.ca/collections/Collection/FB2-15-1999E-7.pdf</marc:subfield>
    </marc:datafield>
    <marc:datafield tag="856" ind1="4" ind2="0">
      <marc:subfield code="a">http://publications.gc.ca</marc:subfield>
      <marc:subfield code="q">PDF</marc:subfield>
      <marc:subfield code="s">49 KB</marc:subfield>
      <marc:subfield code="u">https://publications.gc.ca/collections/Collection/FB2-15-1999E-11.pdf</marc:subfield>
    </marc:datafield>
    <marc:datafield tag="856" ind1="4" ind2="0">
      <marc:subfield code="a">http://publications.gc.ca</marc:subfield>
      <marc:subfield code="q">PDF</marc:subfield>
      <marc:subfield code="s">485 KB</marc:subfield>
      <marc:subfield code="u">https://publications.gc.ca/collections/Collection/FB2-15-1999E-9.pdf</marc:subfield>
    </marc:datafield>
    <marc:datafield tag="856" ind1="4" ind2="0">
      <marc:subfield code="a">http://publications.gc.ca</marc:subfield>
      <marc:subfield code="q">PDF</marc:subfield>
      <marc:subfield code="s">103 KB</marc:subfield>
      <marc:subfield code="u">https://publications.gc.ca/collections/Collection/FB2-15-1999E-10.pdf</marc:subfield>
    </marc:datafield>
    <marc:datafield tag="856" ind1="4" ind2="0">
      <marc:subfield code="a">http://publications.gc.ca</marc:subfield>
      <marc:subfield code="q">PDF</marc:subfield>
      <marc:subfield code="s">496 KB</marc:subfield>
      <marc:subfield code="u">https://publications.gc.ca/collections/Collection/FB2-15-1999E-3.pdf</marc:subfield>
    </marc:datafield>
    <marc:datafield tag="856" ind1="4" ind2="0">
      <marc:subfield code="a">http://publications.gc.ca</marc:subfield>
      <marc:subfield code="q">PDF</marc:subfield>
      <marc:subfield code="s">221 KB</marc:subfield>
      <marc:subfield code="u">https://publications.gc.ca/collections/Collection/FB2-15-1999E-4.pdf</marc:subfield>
    </marc:datafield>
    <marc:datafield tag="856" ind1="4" ind2="0">
      <marc:subfield code="a">http://publications.gc.ca</marc:subfield>
      <marc:subfield code="q">PDF</marc:subfield>
      <marc:subfield code="s">222 KB</marc:subfield>
      <marc:subfield code="u">https://publications.gc.ca/collections/Collection/FB2-15-1999E-5.pdf</marc:subfield>
    </marc:datafield>
    <marc:datafield tag="856" ind1="4" ind2="0">
      <marc:subfield code="a">http://publications.gc.ca</marc:subfield>
      <marc:subfield code="q">PDF</marc:subfield>
      <marc:subfield code="s">128 KB</marc:subfield>
      <marc:subfield code="u">https://publications.gc.ca/collections/Collection/FB2-15-1999E-8.pdf</marc:subfield>
    </marc:datafield>
    <marc:datafield tag="856" ind1="4" ind2="0">
      <marc:subfield code="a">http://publications.gc.ca</marc:subfield>
      <marc:subfield code="q">PDF</marc:subfield>
      <marc:subfield code="s">524 KB</marc:subfield>
      <marc:subfield code="u">https://publications.gc.ca/collections/Collection/FB2-15-1999E-2.pdf</marc:subfield>
    </marc:datafield>
    <marc:datafield tag="856" ind1="4" ind2="0">
      <marc:subfield code="a">http://publications.gc.ca</marc:subfield>
      <marc:subfield code="q">PDF</marc:subfield>
      <marc:subfield code="s">379 KB</marc:subfield>
      <marc:subfield code="u">https://publications.gc.ca/collections/Collection/FB2-15-1999E-1.pdf</marc:subfield>
    </marc:datafield>
    <marc:datafield tag="856" ind1="4" ind2="0">
      <marc:subfield code="a">http://publications.gc.ca</marc:subfield>
      <marc:subfield code="q">PDF</marc:subfield>
      <marc:subfield code="s">406 KB</marc:subfield>
      <marc:subfield code="u">https://publications.gc.ca/collections/Collection/FB2-15-1999E-6.pdf</marc:subfield>
    </marc:datafield>
  </marc:record>
</marc:collection>
